000
00328nam a22001457a 4500
008
221021b ||||| |||| 00| 0 eng d
020
_a
9781560277637
041
_a
eng
080
_2
FIFTH EDITION
_a
34
082
_a
34
100
_a
33.2
101
_a
JURI
245
_a
PRACTICAL AVIATION LAW
_c
HAMILTON J
942
_2
udc
_c
BK
999
_c
58639
_d
58639